000 00653nam a22002657a 4500
003 UA-OsUOA
001 26414
007 ta
008 20040527b un ||||| |||| 00| 0 ukr d
100 _aКисельов М.М.
700 _aКанак Ф.М.
090 _a502.3
_bК44
942 _cBK
040 _aUA-OsUOA
_bukr
_cUA-OsUOA
_dUA-OsUOA
245 _aНаціональне буття серед екологічних реалій
300 _a320 с.
955 _a0
041 _aukr
080 _a502.3
020 _a966-7145-19-0
260 _aКиїв
_bТандем
_c2000
044 _aUA
650 7 _2UDC
999 _c312737
_d312737